000 00607nam a2200205Ia 4500
001 67503
003 OSt
005 20160310151846.0
008 150604s9999 xx 000 0 und d
020 _a9695037623
040 _cPK-LaUMT
082 _a 370.115
_bNAE-T
100 _aNaeem Siddiqi
245 _a(تعلیم کا تہزیبی نظریہ)Taleem ka tahzeebi nazriya (Urdu)
_c(نعیم صدیقی)Naeem Siddiqi
260 _a(لاہور، پاکستان)Lahore,Pakistan:
_b(الفیصل)Al-Faisal,
_c2009
300 _a679 p.
546 _aUR
650 _aTahzeeb aur taleem
942 _cBK
_2ddc
999 _c72879
_d72879